000 004960000a22001810004500
003 LK-CoMWRAF
005 20231022124553.0
008 230817t ||||| |||| 00| 0 eng d
040 _aLK-CoMWRAF
_dLK-CoMWRAF
_eLK-CoMWRAF
041 _aeng
082 _a204.954
_bREL
245 _aReligiousness in Sri Lanka
260 _aColombo 05 (Sri Lanka) :
_bMarga Institute
_c1979
300 _a xxix,300p. 23cm
650 _aBuddhists - Sri Lanka
700 _aCarter,, John Ross
_eed.
942 _cBK
999 _c1379
_d1379